Rethinking Construction (Record no. 68130)
[ view plain ]
| 000 -LEADER | |
|---|---|
| fixed length control field | 00917cam a2200217 4500 |
| 001 - CONTROL NUMBER | |
| control field | WB3732-07 |
| 008 - FIXED-LENGTH DATA ELEMENTS--GENERAL INFORMATION | |
| fixed length control field | 010830n2001 000 0 eng u |
| 035 ## - SYSTEM CONTROL NUMBER | |
| System control number | (Sirsi) u114397 |
| 245 ## - TITLE STATEMENT | |
| Title | Rethinking Construction |
| 260 ## - PUBLICATION, DISTRIBUTION, ETC. | |
| Date of publication, distribution, etc. | 2001 |
| 490 ## - SERIES STATEMENT | |
| Series statement | DTI Press Release |
| Volume/sequential designation | (452) 24 August 2001, (3) |
| 520 ## - SUMMARY, ETC. | |
| Summary, etc. | Government has announced that the Rethinking Construction Initiative, aimed at driving up safety and reliability standards in the industry, will continue for another two years after March 2002. The extension is the result of a consultation within the industry, which revealed strong support for the initiative's continuation, but with a simpler, more integrated structure. |
| 590 ## - LOCAL NOTE (RLIN) | |
| Local note | WB |
| 650 ## - SUBJECT ADDED ENTRY--TOPICAL TERM | |
| Topical term or geographic name entry element | EGAN REFORMS |
| 650 ## - SUBJECT ADDED ENTRY--TOPICAL TERM | |
| Topical term or geographic name entry element | CONSTRUCTION BEST PRACTICE PROGRAMME |
| 650 ## - SUBJECT ADDED ENTRY--TOPICAL TERM | |
| Topical term or geographic name entry element | REFORM |
| 650 ## - SUBJECT ADDED ENTRY--TOPICAL TERM | |
| Topical term or geographic name entry element | HEALTH AND SAFETY |
| 9 (RLIN) | 6244 |
| 650 ## - SUBJECT ADDED ENTRY--TOPICAL TERM | |
| Topical term or geographic name entry element | STANDARDS |
| 690 ## - LOCAL SUBJECT ADDED ENTRY--TOPICAL TERM (OCLC, RLIN) | |
| Topical term or geographic name as entry element | BUILT ENVIRONMENT |
| 942 ## - ADDED ENTRY ELEMENTS (KOHA) | |
| Suppress in OPAC | 0 |
| Withdrawn status | Lost status | Source of classification or shelving scheme | Damaged status | Not for loan | Home library | Current library | Shelving location | Date acquired | Total Checkouts | Full call number | Barcode | Date last seen | Copy number | Price effective from | Koha item type |
|---|---|---|---|---|---|---|---|---|---|---|---|---|---|---|---|
| Dewey Decimal Classification | London | London | News article | 30/08/2001 | WB3732-07 | 114397-1001 | 06/08/2019 | 1 | 06/08/2019 | News article |